Tennismen par description. #2 - Statistiques

Statistiques générales
  • Ce quiz a été pris 64 fois
  • Le résultat moyen est 9 sur 15
Statistiques - réponses
Descriptions Tennismen % Correct
Je suis le meilleur joueur de l'histoire de mon pays, la France. C'est simple, je suis le seul français à avoir remporté un Grand Chelem en simple durant l'ère Open. C'est à Roland Garros en 1983, face à Mats Wilander que je remporte ce GC. Joueur reconverti dans la chanson, je suis... Yannick Noah
95%
Mon match à Roland Garros contre Rafael Nadal m'a laissé un goût amer. Je l'ai regardé droit dans les yeux, lui, le maître des lieux, avant que je me torde la cheville, me valant un abandon. Désormais, je fais partie des 5 meilleurs joueurs du monde depuis plus de 5 ans. Malheureusement, en grand chelem, je n'y arrive toujours pas. Dominic Thiem m'a empêché d'accomplir ce rêve en 2020 à l'US Open. Grand joueur allemand, je suis... Alexander Zverev
89%
Je possède un talent inouï, malheureusement, si l'on retrace ma carrière, mon palmarès n'est pas à la hauteur de ce que les gens attendaient. Je suis un joueur venant du Sud de la France, ayant un revers à une main fabuleux. Face à Nadal, je ne remporte aucune victoire car sa puissance me dépassait à chaque fois. Je suis... Richard Gasquet
79%
Que dire, je suis un talent gâché par les blessures. Je suis un joueur argentin, vainqueur de l'US Open face à Roger Federer en 2009. Je suis un joueur au physique monstrueux mais très attachant d'un autre côté car très émotif. mon coup droit était dévastateur et il m'a permis de m'installer aux côtés des meilleurs dans la période du Big 3. Je suis... Juan Martin Del Potro
75%
J'étais il y a quelques années le représentant actuel du tennis "romantique" et moderne. Avec mon revers à une main et mon tempérament d'attaquant, je suis un joueur complet qui cherche souvent à venir au filet. Très à l'aise sur terre battue, je suis connu pour mon jeu de jambes fluide et ma personnalité parfois philosophique hors des courts. Joueur grec, je suis... Stefanos Tsitsipas
75%
Je suis surnommé le "Dominator". Spécialiste de la terre battue à mes débuts, j'ai su évoluer pour remporter l'US Open 2020. Mon jeu est basé sur une intensité physique monumentale et un revers à une main d'une puissance rare, capable de frapper des gagnants de n'importe où sur le court. Je suis le dernier vainqueur de Grand Chelem avec un revers à une main. Je suis... Dominic Thiem
68%
Mon titre à Roland Garros en 1989 est rentré dans la légende de ce sport. Mon match remporté face Ivan Lendl, le meilleur joueur de l'époque est sans doute la plus grande surprise de ce sport. mené 2 sets à 0, je remonte le score est remporte le match 3 sets à 2 puis remporte également la finale face à Stefan Edberg. Joueur américaine d'origine asiatique, plus jeune joueur de l'histoire à remporter un Grand Chelem, je suis... Michael Chang
66%
Je suis le dernier grand champion américain de l'ère "post-Agassi/Sampras". Surnommé "A-Rod", je possédais l'un des services les plus dévastateurs de l'histoire, dépassant régulièrement les 240 km/h. Vainqueur de l'US Open 2003, j'étais connu pour mon coup droit de feu et mon humour très cash en conférence de presse. Je suis... Andy Roddick
64%
Le "Riton" national. Un gaucher au talent fou, capable des coups les plus improbables. Mon jeu était basé sur l'instinct, l'attaque à outrance et un toucher de balle exceptionnel. Finaliste à Roland-Garros en 1988, je pouvais rendre n'importe quel adversaire chèvre par ma créativité. Je suis... Henri Leconte
55%
Je suis un colosse russe au talent pur mais au tempérament volcanique. Capable de battre Sampras ou Federer en jouant un tennis "total", j'étais aussi célèbre pour mes nombreuses raquettes brisées et mes baisses de concentration. Ancien numéro 1 mondial, je reste l'un des joueurs les plus charismatiques et imprévisibles des années 2000. Je suis... Marat Safin
55%
Je suis un joueur roumain au tempérament explosif. Je suis connu pour avoir été le premier N°1 au début de la création du classement ATP. Après ma carrière sportive, mes déclarations racistes ne sont pas passées inaperçues. J'étais un joueur complet, capable de faire sortir de leurs gonds tous leurs adversaires. Je suis... Ilie Nastase
43%
C'est moi qui ai éliminé le joueur ci-dessus, en 1991. Je suis un joueur complet, habile sur toutes les surfaces. J'ai remporté deux fois Roland Garros en 1991 et 1992. Je suis un joueur américain, légende des années 1990. J'ai pris ma retraite à seulement 30 ans en 2000, je suis... Jim Courier
41%
Peut-être que je suis un joueur insupportable, mais d'un autre côté mon palmarès parle pour moi. J'ai eu un carrière s'étendant sur 20 ans, des années 1970 à 1990... Mon parcours à l'US Open de 1991 est insensé, car à plus de 39 ans, j'ai rivalisé avec les meilleurs de l'époque, accédant à la demi-finale. Joueur américain venant d'un milieu populaire, je suis... Jimmy Connors
41%
A l'instar d'Ivan Lendl, je suis un looser au début de ma carrière, je perds mes 9 premières finales... Néanmoins, en 1993, je parviens à me hisser en finale de l'US Open puis en 1997, je suis de nouveau en finale à Wimbledon. Je suis un des meilleurs joueurs français de l'histoire, je suis... Cédric Pioline
38%
Je suis l'incarnation du tennis australien des années 70. Reconnaissable à ma moustache célèbre, j'étais le maître du service-volée. Joueur extrêmement puissant et charismatique, j'ai remporté sept titres du Grand Chelem en simple et fus l'un des rares à dominer tant en simple qu'en double (17 titres majeurs). Je suis... John Newcombe
23%
Aucun quiz correspondant
Distribution des résultats
% des personnes avec chaque résultat
Percentile par nombre de réponses
Votre historique - résultats
Vous n’avez pas pris ce quiz